| 000 | 01092nas a2200349 4500 | ||
|---|---|---|---|
| 001 | BR2014003581 | ||
| 003 | BR-BrBNA | ||
| 005 | 20231205124119.0 | ||
| 007 | ta | ||
| 008 | 230509b bl.|||p| |||| 00| 00por d | ||
| 040 |
_aBR-BrBNA _bpor _cBiblioteca Nacional de Agricultura |
||
| 041 | _a(Pt) | ||
| 072 | _aL51 | ||
| 100 | 1 | _aGonçalves, J.R.S. | |
| 100 | 1 | _aPires, A.V. | |
| 100 | 1 | _aSusin, I. | |
| 100 | 1 | _aLima, L.G. de | |
| 100 | 1 | _aMendes, C.Q. | |
| 100 | 1 | _aFerreira, E.M. | |
| 245 | 1 | _aSubstituição do grão de milho pelo grão de milheto em dietas contendo silagem de milho ou silagem de capim-elefante de bovinos de corte | |
| 650 | _aGADO DE CORTE | ||
| 650 | _aDIETA | ||
| 650 | _aMILHO | ||
| 650 | _aMILHETO | ||
| 650 | _aDIGESTIBILIDADE APARENTE | ||
| 650 | _aSILAGEM | ||
| 650 | _aÁCIDO GRAXO | ||
| 773 | 0 |
_tRevista Brasileira de Zootecnia (Brazil) _xISSN1806-9290 _g(Sep 2010), v. 39(9) p. 2032-2039 _wBR2014003581 |
|
| 856 | 4 | 0 | _uhttp://www.scielo.br/pdf/rbz/v39n9/a23v39n9.pdf |
| 909 |
_a202311 _bLúcia _c55 _dLúcia Elande |
||
| 942 |
_2AGRIS _n0 _cANA |
||
| 999 |
_c237372 _d237372 |
||